Normal view MARC view
  • Hong Kong (China)

Entry Geographic Name

Number of records used in: 1

001 - CONTROL NUMBER

  • control field: 153591

003 - CONTROL NUMBER IDENTIFIER

  • control field: TR-AnTOB

005 - DATE AND TIME OF LATEST TRANSACTION

  • control field: 20260413120148.0

008 - FIXED-LENGTH DATA ELEMENTS

  • fixed length control field: 260413n|eazannaab| |n aaa d

010 ## - LIBRARY OF CONGRESS CONTROL NUMBER

  • LC control number: sh2008115361

035 ## - SYSTEM CONTROL NUMBER

  • System control number: (DLC)392008

035 ## - SYSTEM CONTROL NUMBER

  • System control number: (TR-AnTOB)153591

040 ## - CATALOGING SOURCE

  • Original cataloging agency: DLC
  • Language of cataloging: eng
  • Transcribing agency: DLC
  • Modifying agency: TR-AnTOB

151 ## - HEADING--GEOGRAPHIC NAME

  • Geographic name: Hong Kong (China)
  • Form subdivision: Fiction

451 ## - SEE FROM TRACING--GEOGRAPHIC NAME

  • Geographic name: Hong Kong (Çin)
  • Form subdivision: Roman

670 ## - SOURCE DATA FOUND

  • Source citation: Work cat.: House on fire, c2001

688 ## - APPLICATION HISTORY NOTE

  • Institution to which field applies: TR-AnTOB
  • Application history note: Op 13.04.2026
Devinim Yazılım Eğitim Danışmanlık tarafından Koha'nın orjinal sürümü uyarlanarak geliştirilip kurulmuştur.